000 00734nam a2200193 i 4500
001 36907
003 ES-MaACL
007 t|
008 030219s1955 sp ||||1| spa d
100 1 _aBrowne, Douglas G.
_932025
245 1 0 _aHuellas dactilares
_b: cincuenta años de investigación criminal científica /
_cDouglas G. Browne y Alan Brock ; con una introducción de Frederick R. Cherill ; [traducción del inglés por Montserrat Guasch].
250 _a1ª ed.
260 _aBarcelona :
_bArgos,
_c[1955] (
_fAgustín Núñez)
300 _a250 p., 6 lám. ;
_c23 cm.
700 1 _aBrock, Alan.
_931836
700 1 _aCherrill, Frederick R.
_938373
700 1 _aGuasch, Montserrat.
_960357
852 _aES-MaACL
_jC-9221
_bR.37104
999 _c36907
_d36907